• 首页
  • 本馆介绍
  • 公告通知
  • 最新文献
  • 馆藏检索
  • 电子资源
  • 读者导购
  • 参考咨询
  • 我的图书馆
  • 登录
  • 详细信息显示
  • 放入我的书架
  • 预约/预借图书
  • 作者相关作品
  • 分类相关作品
  • 丛书相关作品
  • 出版社相关作品

书目信息

  • 表格格式
  • 工作单格式
  • 卡片格式
书名: Prize-winning stories from China, 1978-1979
作者: by Liu Xinwu, Wang Meng, and others.
分册号:
分册名:
出版地: Beijing :
 
出版社: Foreign Languages Press
出版时间: 1981.
页数: 535 p. :
开本: 20 cm.
丛书名:
中图分类号:
科图分类号:
其他分类号: H319.4
主题词:
电子资源:
000 00839nam 2200253 a 4504
001 E0733042567
005 20070227091055.56
008 031226s1981 cc a 00011 eng
010    @a82-246506
040    @aDLC@cDLC@dOCL@dm/c
050 00 @aPL2658.E8@bL58 1981
082 0  @a895.1/35/08 @2 19
090    @aK278/W80
090    @aH319.4
099    @dH319.4@ex476
100 1  @aLiu, Xinwu.
245 10 @aPrize-winning stories from China, 1978-1979 / @cby Liu Xinwu, Wang Meng, and others.
250    @a1st ed.
260 0  @aBeijing :@bForeign Languages Press,@c1981.
300    @a535 p. :@bill. ;@c20 cm.
500    @a"Not for sale in North America"--Verso t.p.
650  0 @aChinese fiction@y20th century@xTranslations into English.
650  0 @aEnglish fiction@xTranslations from Chinese.
700 10 @aWang, Meng.
    
    Prize-winning stories from China, 1978-1979 / / by Liu Xinwu, Wang Meng, and others.-1st ed.-Beijing : : Foreign Languages Press, , 1981.
    535 p. : : ill. ; ; 20 cm.
    "Not for sale in North America"--Verso t.p.
    
    ISBN
    
●
相关链接 在E读中查询图书 在五车中查询图书 在当当中查询图书 在豆瓣中查询图书


正题名:Prize-winning stories from China, 1978-1979     索取号:H319.4/x476         预约/预借

序号 登录号 条形码 馆藏地/架位号 状态 备注
1 67789   000447163   第四借阅区/ [索取号:H319.4/x476] 在馆    
2 67790   000447207   第四借阅区/ [索取号:H319.4/x476] 在馆    
3 67791   000447369   第四借阅区/ [索取号:H319.4/x476] 在馆    
4 67792   000447127   第四借阅区/ [索取号:H319.4/x476] 在馆    
5 67793   000447323   第四借阅区/ [索取号:H319.4/x476] 在馆    
唐山师范学院图书馆 欢迎您!
大连网信软件有限公司© 版权所有